000 00361nam a2200133Ia 4500
008 231217s9999 xx 000 0 und d
041 _aEnglish
082 _a158.4 ADA1;1 R
100 _aAdair, John
245 0 _aEffective team management : how to save time and spend it wisely
260 _c1988
_bLondon : Macmillan Ltd.
300 _a164
942 _cAA
999 _c169589
_d169589